| 000 | 00614nai a2200205Ia 4500 | ||
|---|---|---|---|
| 003 | IN-BaIIA | ||
| 008 | 211028c9999 xx s 000 0 eng d | ||
| 022 | _a09598138 (Print) | ||
| 022 | _a17561833 (Online) | ||
| 040 | _cIIA Library | ||
| 245 | 0 |
_aBMJ: British Medical Journal _h[eJournal] |
|
| 260 |
_aLondon _bBMJ |
||
| 310 | _aWeekly | ||
| 362 | _a297; 1988 - 356; 2017 | ||
| 521 | _bSubscribed through IIA Library | ||
| 650 |
_a Medicine & Allied Health _948789 |
||
| 650 |
_aHealth Sciences _948790 |
||
| 856 |
_uhttps://www.jstor.org/journal/bmjbritmedj _yClick Here to Access eJournal |
||
| 942 | _cEJ | ||
| 999 |
_c34115 _d34115 |
||